02080nam a22004697a 4500001001000000003000500010005001700015008004100032010001000073011001000083035001100093040000900104090001000113100004400123245016000167260004100327300004200368502016700410530003600577590003700613590004100650590004100691590004100732590004200773590004100815590004100856650003100897650002500928650002500953650002600978650002701004700003601031856006601067901000701133942000901140942000601149949006901155949007401224999001701298952015001315952014501465000099544CHAP20220329143410.0090406s2009 mx ab r 00010 spa d a96008 a96980 a107637 cCHAP aTesis1 aBrígido Morales, Juan Gabriel.91550710aElaboración y evaluación de biocombustible a partir de higuerilla (ricinus Comunnis L.) /c/por Juan Gabriel Brígido Moreles y Salvador Yescas Diego. aChapingo, Méx. :bEl autor,c2009. avi, 82 h. :bilus., cuadros, gráfs. aTesis (Ing. Agroindustrial e Ing. Mecánico Agrícola) -- UACH. Departamento de Ingeniería Agroindustrial y Departamento de Ingeniería Mecánica Agrícola aTambién disponible en línea aALEPHb10c20130110lUCH01h1528 aBATCH-UPDb10c20130110lUCH01h0613 aBATCH-UPDb10c20130410lUCH01h0255 aBATCH-UPDb10c20130913lUCH01h1851 aCONVERSIONb10c20130109lUCH01h1353 aE11695DGDb10c20190828lUCH01h1415 aE11695DGDb10c20190828lUCH01h145114aAceite de higuerilla.943314aCombustibles.92555414aEvaluación.93891314aHidrocarburos.95523214aMotores diesel.9791001 aYescas Diego, Salvador.9123093 3Finding aiduhttp://10.13.5.2/tesis/107637.pdfzTeclea aquí aBK cFOLL n0 aTesisbBCcTESd33724002091116eTS1gDonaciØnh49151i107637sb aTesisbBCcTESd33724002091157eTS2fc.2gDonaciØnh49152i107637si c96008d96008 00102local4053708TESISaBCbBCcPA_TESISd2019-12-31eDonacionfTESISl0oTesisp33724002091157r2019-12-31 00:00:00tc.2w2019-12-31yTESIS 00102local4051708TESISaBCbBCcPA_TESISd2019-12-31eDonacionfTESISl0oTesisp33724002091116r2019-12-31 00:00:00w2019-12-31yTESIS